00406nam a2200133 a 450000500170000000800410001702000180005805000260007610000200010224500920012226000420021430000080025644000080026420140412111405.0070328s19uu xx 00 eng d a0-07-569559-6 aTR(GS 372.4bB35 2005 aBereiter , Carl aSRA Open Court Reading Level 1 Blackline masters :bWriter's workbook /cCarl Bereiter. aColumbus, Ohio :bMc Grawhill,c2005. a135 aSRA